00944 2200301 4500001002100000005001500021035002000036007000300056008004100059020002200100040002200122082001900144084002100163100003600184245009000220250003400310300004800344650003000392700003900422850001200461264002900473336002100502337003000523338002300553090002200576999002200598990002200620INLIS00000000089868420250805101800 a0010-0825000118ta250618s2023 yoia b j ind d a978-623-96557-7-8 aYOPDYOGbinderda04223a899.221301 a899.221301 ISN k0 aIsnaini Nur SholihahePengarang10aKisah jarak bukan masalah /cIsnaini Nur Sholihah; penyunting, Azizatul Alif Syafriza aCetakan pertama, Oktober 2023 aiv, 154 halaman :bgambar berwarna ;c21 cm 4aCerita pendek--xKumpulan0 aAzizatul Alif SyafrizaePenyunting aYOPDYOG31aSleman :bFIPress,c2023 2rdacontentateks 2rdamediaatanpa perantara 2rdacarrieravolume aCB-D.11 2023-6235 aCB-D.11/2023-6235 aCB-D.11/2023-6235